POPULATION (Record no. 2481)
[ view plain ]
| 000 -LEADER | |
|---|---|
| fixed length control field | 00325cam a2200145ua 4500 |
| 005 - DATE AND TIME OF LATEST TRANSACTION | |
| control field | 20200403045542.0 |
| 008 - FIXED-LENGTH DATA ELEMENTS--GENERAL INFORMATION | |
| fixed length control field | 131126n II |||gr||||Z||||||eng |
| 040 ## - CATALOGING SOURCE | |
| Original cataloging agency | MAIN |
| Transcribing agency | |
| 082 ## - DEWEY DECIMAL CLASSIFICATION NUMBER | |
| Classification number | 910.1312 AGA |
| 100 ## - MAIN ENTRY--PERSONAL NAME | |
| Personal name | AGARWALA, S.N. |
| 245 ## - TITLE STATEMENT | |
| Title | POPULATION |
| 250 ## - EDITION STATEMENT | |
| Edition statement | 1st |
| 942 ## - ADDED ENTRY ELEMENTS (KOHA) | |
| Koha item type | Books |
| Source of classification or shelving scheme | Dewey Decimal Classification |
| 653 ## - INDEX TERM--UNCONTROLLED | |
| Uncontrolled term | Population Geography |
| Withdrawn status | Lost status | Damaged status | Not for loan | Collection code | Home library | Current library | Shelving location | Date acquired | Full call number | Barcode | Date last seen | Copy number | Price effective from | Koha item type | Public note |
|---|---|---|---|---|---|---|---|---|---|---|---|---|---|---|---|
| REFGEO | Central Library and Information Centre Sibsagar Girls College | Central Library and Information Centre Sibsagar Girls College | GEOGRAPHY BOOK RACK | 20.06.1970 | 910.1312 AGA | 02829 | 27.02.2020 | 1 | 27.02.2020 | Books | V |